|
|
|
|
| LEADER |
00000nam2a2200000 4500 |
| 001 |
217387 |
| 005 |
20231101230119.0 |
| 010 |
|
|
|a 9785939728829
|
| 035 |
|
|
|a (RuTPU)RU\TPU\book\237381
|
| 090 |
|
|
|a 217387
|
| 100 |
|
|
|a 20120605d2011 k y0rusy50 ca
|
| 101 |
1 |
|
|a rus
|c eng
|
| 102 |
|
|
|a RU
|
| 105 |
|
|
|a a z 001zy
|
| 200 |
0 |
|
|a Т. 2: Пространственные модели и их приложения в биомедицине
|
| 210 |
|
|
|d 2011
|
| 215 |
|
|
|a 1104 с.
|c ил.
|
| 320 |
|
|
|a Библиогр.: с. 991-1038.
|
| 320 |
|
|
|a Предметный указатель: с. 1039-1067.
|
| 320 |
|
|
|a Именной указатель: с. 1068-1078.
|
| 330 |
|
|
|a Настоящая книга представляет собой второй том знаменитого издания Джеймса Мюррея по математической биологии, которое выдержало за рубежом несколько изданий. В ней изложены захватывающие проблемы, возникающие в биомедицинских науках, и обозначен широкий спектр вопросов, эффективное изучение которых возможно при помощи математического моделирования. Во втором томе Мюррей останавливается более подробно на таких вопросах, как моделирование динамики брачных взаимоотношений, рост раковых опухолей, температуро-чувствительное формирование пола, территориальность волков, взаимодействие волков с оленями и выживание и т. д., и вводит новые приложения. В книге также рассматриваются базовые концепции моделирования, даются справочный материал и ссылки на дополнительную литературу. Большое внимание уделено обсуждению связей между моделями и экспериментальными данными. Данная книга вкупе с первым томом вводит в область теоретической и математической биологии и представляет собой прекрасную основу для междисциплинарных исследований в области биологических и медицинских наук.
|
| 461 |
|
1 |
|0 (RuTPU)RU\TPU\book\194411
|t Математическая биология
|o пер. с англ.
|f Д. Мюррей
|v Т. 2: Пространственные модели и их приложения в биомедицине
|d 2009-
|s Биофизика. Математическая биология
|
| 606 |
1 |
|
|a Биология
|x Математические методы
|2 stltpush
|3 (RuTPU)RU\TPU\subj\28711
|9 52214
|
| 610 |
1 |
|
|a математическая биология
|
| 610 |
1 |
|
|a пространственные модели
|
| 610 |
1 |
|
|a биомедицина
|
| 610 |
1 |
|
|a многокомпонентные волны
|
| 610 |
1 |
|
|a животные
|
| 610 |
1 |
|
|a шкуры
|
| 610 |
1 |
|
|a окраска
|
| 610 |
1 |
|
|a реакционно-диффузионные механизмы
|
| 610 |
1 |
|
|a аллигаторы
|
| 610 |
1 |
|
|a змеи
|
| 610 |
1 |
|
|a бактериальные пространственные структуры
|
| 610 |
1 |
|
|a хемотаксис
|
| 610 |
1 |
|
|a эволюция
|
| 610 |
1 |
|
|a морфогенез
|
| 610 |
1 |
|
|a сосуды
|
| 610 |
1 |
|
|a эпидермис
|
| 610 |
1 |
|
|a проникающие раны
|
| 610 |
1 |
|
|a заживление
|
| 610 |
1 |
|
|a мозг
|
| 610 |
1 |
|
|a опухоли
|
| 610 |
1 |
|
|a нейронные модели
|
| 610 |
1 |
|
|a эпидемии
|
| 610 |
1 |
|
|a географическое распространение
|
| 610 |
1 |
|
|a контроль
|
| 610 |
1 |
|
|a волки
|
| 610 |
1 |
|
|a территориальность
|
| 675 |
|
|
|a 57:51
|v 3
|
| 801 |
|
1 |
|a RU
|b 63413507
|c 20120605
|
| 801 |
|
2 |
|a RU
|b 63413507
|c 20120608
|g RCR
|
| 942 |
|
|
|c BK
|